[Event "South Wales op 12th"]
[Site "Cardiff"]
[Date "2015.07.17"]
[Round "10"]
[White "Rysbayeva, Aigerim"]
[Black "Waterfield, John"]
[Result "1-0"]
[WhiteElo "2142"]
[BlackElo "1913"]
[PlyCount "99"]
[EventDate "2015.07.11"]
[EventType "swiss"]
[EventRounds "10"]
[EventCountry "WLS"]
[SourceTitle "EXT 2016"]
[Source "ChessBase"]
[SourceDate "2015.10.08"]
[SourceVersion "1"]
[SourceVersionDate "2015.10.08"]
[SourceQuality "1"]

1. e4 c5 2. Nf3 d6 3. d4 cxd4 4. Nxd4 Nf6 5. Nc3 a6 6. Be3 Ng4 7. Bg5 h6 8. Bh4 g5 9. Bg3 Bg7 10. Qd2 Nc6 11. Nf5 Bxf5 12. exf5 Qd7 13. Bd3 Nce5 14. f4 Nxd3+ 15. Qxd3 Qc6 16. fxg5 hxg5 17. 0-0-0 Ne5 18. Qe4 Rc8 19. Rhe1 Qxe4 20. Nxe4 0-0 21. f6 Bxf6 22. Nxf6+ exf6 23. Rxd6 Rc5 24. b4 Rc4 25. Bxe5 fxe5 26. Rxe5 Rfc8 27. Rxg5+ Kf8 28. Rc5 R4xc5 29. bxc5 Rxc5 30. Rb6 Rf5 31. Rxb7 Rf2 32. Rb6 Rxg2 33. Rxa6 Rxh2 34. Rf6 Ke7 35. Rf3 Rh4 36. Kb2 Ke6 37. Kb3 f5 38. a4 Ke5 39. a5 Ke4 40. Rf1 f4 41. a6 f3 42. Kb4 Ke3+ 43. c4 Ke2 44. Ra1 f2 45. a7 Rh8 46. Kb5 f1Q 47. Rxf1 Kxf1 48. c5 Ke2 49. Kb6 Kd3 50. c6 1-0

[Event "South Wales op 12th"]
[Site "Cardiff"]
[Date "2015.07.16"]
[Round "9"]
[White "Rudd, Jack"]
[Black "Rysbayeva, Aigerim"]
[Result "1-0"]
[WhiteElo "2247"]
[BlackElo "2142"]
[PlyCount "113"]
[EventDate "2015.07.11"]
[EventType "swiss"]
[EventRounds "10"]
[EventCountry "WLS"]
[SourceTitle "EXT 2016"]
[Source "ChessBase"]
[SourceDate "2015.10.08"]
[SourceVersion "1"]
[SourceVersionDate "2015.10.08"]
[SourceQuality "1"]

1. d4 d5 2. c4 c6 3. Nf3 Nf6 4. Nc3 dxc4 5. e4 b5 6. e5 Nd5 7. a4 Bg4 8. Be2 e6 9. axb5 Nxc3 10. bxc3 cxb5 11. Bg5 Qd7 12. 0-0 h6 13. Be3 Be7 14. Nd2 Bxe2 15. Qxe2 0-0 16. Qg4 Kh8 17. f4 f5 18. exf6 Bxf6 19. Ne4 Nc6 20. Nc5 Qd5 21. Nxe6 b4 22. f5 bxc3 23. Rf3 Ne7 24. Raf1 Rf7 25. Qh3 Kg8 26. Bxh6 Nxf5 27. Qxf5 Qxf5 28. Rxf5 gxh6 29. Rxf6 Rxf6 30. Rxf6 c2 31. Rf1 Rb8 32. Nf4 Rb1 33. Ne2 Rd1 34. Kf2 a5 35. Nc1 Rxd4 36. Ke3 Rd1 37. Ke2 Rd5 38. Na2 Rh5 39. h3 Rg5 40. g4 Rb5 41. Kd2 Rb1 42. Nc1 h5 43. g5 h4 44. Rf4 Rb5 45. Rxh4 Rxg5 46. Rg4 Rxg4 47. hxg4 Kg7 48. Ke3 Kg6 49. Kf4 a4 50. g5 Kf7 51. Kf5 Kg7 52. g6 a3 53. Na2 c3 54. Nc1 Kg8 55. Kf6 Kf8 56. g7+ Kg8 57. Na2 1-0

[Event "South Wales op 12th"]
[Site "Cardiff"]
[Date "2015.07.14"]
[Round "6"]
[White "Lauridsen, Jesper Morch"]
[Black "Rysbayeva, Aigerim"]
[Result "1-0"]
[WhiteElo "2316"]
[BlackElo "2142"]
[PlyCount "81"]
[EventDate "2015.07.11"]
[EventType "swiss"]
[EventRounds "10"]
[EventCountry "WLS"]
[SourceTitle "EXT 2016"]
[Source "ChessBase"]
[SourceDate "2015.10.08"]
[SourceVersion "1"]
[SourceVersionDate "2015.10.08"]
[SourceQuality "1"]

1. e4 c5 2. d4 cxd4 3. c3 d3 4. Bxd3 d6 5. Nf3 g6 6. 0-0 Bg7 7. c4 Nc6 8. h3 Nf6 9. Nc3 0-0 10. Be3 Nd7 11. Rc1 Nc5 12. Bb1 Be6 13. b3 a5 14. Qd2 Kh8 15. Ng5 Bd7 16. Rcd1 b6 17. f4 h6 18. Nf3 Bc8 19. f5 Kh7 20. fxg6+ fxg6 21. e5 Bf5 22. Bxf5 Rxf5 23. exd6 exd6 24. Nb5 Ne4 25. Qc2 Ng3 26. Rf2 Nb4 27. Qb1 d5 28. a3 Ne4 29. axb4 Nxf2 30. Bxf2 axb4 31. Nbd4 Rf7 32. Ne6 Qd6 33. Nxg7 Kxg7 34. Rxd5 Qe6 35. Bd4+ Kh7 36. Ne5 Rf5 37. Rd7+ Kg8 38. Qe4 Re8 39. Qb7 h5 40. Rg7+ Kf8 41. Nxg6+ 1-0

[Event "South Wales op 12th"]
[Site "Cardiff"]
[Date "2015.07.12"]
[Round "3"]
[White "Rysbayeva, Aigerim"]
[Black "Petrov, Marian"]
[Result "0-1"]
[WhiteElo "2142"]
[BlackElo "2487"]
[PlyCount "54"]
[EventDate "2015.07.11"]
[EventType "swiss"]
[EventRounds "10"]
[EventCountry "WLS"]
[SourceTitle "EXT 2016"]
[Source "ChessBase"]
[SourceDate "2015.10.08"]
[SourceVersion "1"]
[SourceVersionDate "2015.10.08"]
[SourceQuality "1"]

1. e4 c5 2. Nf3 Nc6 3. d4 cxd4 4. Nxd4 Qb6 5. Nb3 Nf6 6. Nc3 e6 7. Qe2 d6 8. Be3 Qc7 9. 0-0-0 a6 10. g4 b5 11. a3 b4 12. axb4 Nxb4 13. g5 Nd7 14. f4 Rb8 15. Kb1 Be7 16. h4 Nc5 17. Qc4 0-0 18. h5 a5 19. Nd4 Qb7 20. Ndb5 d5 21. Qe2 Nxe4 22. Nxe4 dxe4 23. Ba7 Ra8 24. Bd4 Nd5 25. Be5 Bd7 26. Nd6 Bxd6 27. Bxd6 Nc3+ 0-1

[Event "South Wales op 12th"]
[Site "Cardiff"]
[Date "2015.07.11"]
[Round "1"]
[White "Rysbayeva, Aigerim"]
[Black "Orton, Paul"]
[Result "1-0"]
[WhiteElo "2142"]
[BlackElo "1622"]
[PlyCount "85"]
[EventDate "2015.07.11"]
[EventType "swiss"]
[EventRounds "10"]
[EventCountry "WLS"]
[SourceTitle "EXT 2016"]
[Source "ChessBase"]
[SourceDate "2015.10.08"]
[SourceVersion "1"]
[SourceVersionDate "2015.10.08"]
[SourceQuality "1"]

1. e4 c5 2. Nf3 Nc6 3. d4 cxd4 4. Nxd4 Nf6 5. Nc3 e6 6. Be2 d5 7. exd5 exd5 8. 0-0 Be7 9. Bf4 a6 10. Bf3 0-0 11. Re1 Nxd4 12. Qxd4 Be6 13. Rad1 Qa5 14. Bd2 Qc5 15. Qxc5 Bxc5 16. Bg5 Ng4 17. Bxg4 Bxg4 18. Rxd5 Rfe8 19. Rxe8+ Rxe8 20. Be3 Bxe3 21. fxe3 f6 22. Kf2 Be6 23. Rd6 Kf7 24. Rb6 Re7 25. Ne4 Bd5 26. Nc5 Rc7 27. b4 Bxa2 28. Rxb7 Rxb7 29. Nxb7 Ke7 30. Na5 Bb1 31. c4 Bd3 32. Ke1 Kd7 33. Kd2 Bf1 34. g3 Kc7 35. Kc3 Be2 36. Kd4 Kd6 37. Nb7+ Kc6 38. Nc5 Kb6 39. Ne6 g5 40. Nf8 h6 41. Nd7+ Kc6 42. Nxf6 Kd6 43. Ne4+ 1-0

[Event "SCO-ch 119th"]
[Site "Glasgow"]
[Date "2012.07.14"]
[Round "8"]
[White "O'Donnell, Conor"]
[Black "Rysbayeva, Aigerim"]
[Result "1-0"]
[WhiteElo "1939"]
[BlackElo "2175"]
[PlyCount "99"]
[EventDate "2012.07.07"]
[EventType "swiss"]
[EventRounds "9"]
[EventCountry "SCO"]
[SourceTitle "EXT 2023"]
[Source "ChessBase"]
[SourceDate "2022.10.05"]
[SourceVersion "1"]
[SourceVersionDate "2022.10.05"]
[SourceQuality "1"]

1. e4 c5 2. Nc3 Nc6 3. f4 d6 4. Nf3 Nf6 5. Bc4 e6 6. d3 d5 7. Bb5 d4 8. Bxc6+ bxc6 9. Ne2 Be7 10. 0-0 0-0 11. h3 Qb6 12. b3 a5 13. g4 a4 14. Ng3 axb3 15. cxb3 Ba6 16. Ne5 Ra7 17. g5 Nd7 18. Nxd7 Rxd7 19. f5 exf5 20. exf5 Bd6 21. Ne4 Re8 22. Qg4 Rxe4 23. Qxe4 Re7 24. Qf3 Re5 25. f6 Bc8 26. Bf4 Rf5 27. Qe4 Qd8 28. Rae1 Be6 29. h4 gxf6 30. Bxd6 Qxd6 31. gxf6 Rxf1+ 32. Rxf1 Kf8 33. Qf4 Qxf4 34. Rxf4 Ke8 35. Re4 Kd7 36. Rxe6 Kxe6 37. a4 Kd6 38. Kf2 Kc7 39. Kf3 Kb6 40. Ke4 Ka5 41. Ke5 Kb4 42. Kd6 Kxb3 43. Kxc5 Kxa4 44. h5 Kb3 45. Kxd4 Kb4 46. Ke5 Kc5 47. h6 Kb4 48. Kd6 c5 49. Ke7 Kc3 50. Kxf7 1-0

[Event "Wch U20 Girls 28th"]
[Site "Chotowa"]
[Date "2010.08.14"]
[Round "11"]
[White "Rysbayeva, Aigerim"]
[Black "Zmarzly, Aleksandra"]
[Result "1/2-1/2"]
[WhiteElo "2209"]
[BlackElo "2026"]
[PlyCount "53"]
[EventDate "2010.08.03"]
[EventType "swiss"]
[EventRounds "13"]
[EventCountry "POL"]
[SourceTitle "CBM 137 Extra"]
[Source "ChessBase"]
[SourceDate "2010.09.01"]
[SourceVersion "1"]
[SourceVersionDate "2010.09.01"]
[SourceQuality "1"]

1. e4 e6 2. d4 d5 3. Nd2 Nf6 4. Bd3 c5 5. c3 Nc6 6. e5 Nd7 7. Ne2 cxd4 8. cxd4 f6 9. exf6 Nxf6 10. Nf3 Bd6 11. 0-0 0-0 12. Bf4 Bxf4 13. Nxf4 Ne4 14. Qc1 Ng5 15. Nxg5 Qxg5 16. Ne2 Qf6 17. Qe3 a6 18. Rad1 Bd7 19. Qh3 g6 20. Bb1 Rf7 21. Qe3 Re8 22. Nc3 Qh4 23. f4 Qh6 24. Qd2 Ref8 25. Ne2 Qg7 26. Rf3 Qf6 27. Rg3 1/2-1/2

[Event "Wch U20 Girls 28th"]
[Site "Chotowa"]
[Date "2010.08.10"]
[Round "7"]
[White "Rysbayeva, Aigerim"]
[Black "Orehek, Spela"]
[Result "1/2-1/2"]
[WhiteElo "2209"]
[BlackElo "1883"]
[PlyCount "98"]
[EventDate "2010.08.03"]
[EventType "swiss"]
[EventRounds "13"]
[EventCountry "POL"]
[SourceTitle "CBM 137 Extra"]
[Source "ChessBase"]
[SourceDate "2010.09.01"]
[SourceVersion "1"]
[SourceVersionDate "2010.09.01"]
[SourceQuality "1"]

1. e4 c5 2. Nf3 Nc6 3. d4 cxd4 4. Nxd4 g6 5. c4 Nf6 6. Nc3 d6 7. Be2 Nxd4 8. Qxd4 Bg7 9. Be3 0-0 10. Qd2 a5 11. 0-0 a4 12. f3 Qa5 13. Rab1 Be6 14. Rfc1 Rfc8 15. b4 axb3 16. axb3 Qb4 17. Qc2 Nd7 18. Nb5 Ra5 19. Nd4 Rca8 20. Qd1 Ra2 21. Rc2 Nc5 22. Nb5 Rxc2 23. Qxc2 Na6 24. Kh1 Qa5 25. Qd2 Qxd2 26. Bxd2 Nc5 27. Bd1 Bd7 28. Nc3 Ra3 29. Kg1 f5 30. Bc2 f4 31. Bc1 Bd4+ 32. Kf1 Ra6 33. Bb2 e6 34. b4 Bxc3 35. Bxc3 Ra2 36. bxc5 Rxc2 37. Rxb7 Bc6 38. Rc7 Rxc3 39. Rxc6 Rxc4 40. Rc8+ Kf7 41. Rc7+ Ke8 42. c6 Rc2 43. h4 d5 44. e5 d4 45. Rd7 Rxc6 46. Rxd4 Rc5 47. Re4 Ke7 48. Kg1 h6 49. Kh2 g5 1/2-1/2

[Event "Wch U20 Girls 28th"]
[Site "Chotowa"]
[Date "2010.08.04"]
[Round "2"]
[White "Abdulla, Khayala Mardan Qizi"]
[Black "Rysbayeva, Aigerim"]
[Result "1-0"]
[WhiteElo "2193"]
[BlackElo "2209"]
[PlyCount "87"]
[EventDate "2010.08.03"]
[EventType "swiss"]
[EventRounds "13"]
[EventCountry "POL"]
[SourceTitle "CBM 137 Extra"]
[Source "ChessBase"]
[SourceDate "2010.09.01"]
[SourceVersion "1"]
[SourceVersionDate "2010.09.01"]
[SourceQuality "1"]

1. e4 c5 2. Nf3 d6 3. d4 cxd4 4. Nxd4 Nf6 5. Nc3 Nc6 6. Bc4 e6 7. Bb3 a6 8. Be3 Be7 9. f4 0-0 10. Qf3 Nxd4 11. Bxd4 b5 12. Bxf6 Bxf6 13. e5 Bh4+ 14. g3 Rb8 15. gxh4 Bb7 16. Ne4 dxe5 17. Rg1 g6 18. Rg3 Qd4 19. Nf6+ Kg7 20. c3 Qd8 21. Ne4 Qxh4 22. Qf2 Qxf4 23. Nc5 Rfd8 24. Re3 a5 25. Qe2 Qh4+ 26. Rg3 e4 27. Bc2 Rd5 28. Qf2 Rh5 29. 0-0-0 Bd5 30. Qd4+ f6 31. Nxe6+ Kg8 32. Qa7 Rb7 33. Qa8+ Kf7 34. Nd8+ Kg7 35. Ne6+ Kf7 36. Nd8+ Kg7 37. Nxb7 Qf4+ 38. Kb1 Rxh2 39. Rgg1 Qf2 40. Rc1 e3 41. Qd8 Qf3 42. Qa8 Qf2 43. Qd8 Qf3 44. Qc7+ 1-0

[Event "Wch U20 Girls 28th"]
[Site "Chotowa"]
[Date "2010.08.03"]
[Round "1"]
[White "Rysbayeva, Aigerim"]
[Black "Tomaszewska, Luiza"]
[Result "1/2-1/2"]
[WhiteElo "2209"]
[BlackElo "1968"]
[PlyCount "58"]
[EventDate "2010.08.03"]
[EventType "swiss"]
[EventRounds "13"]
[EventCountry "POL"]
[SourceTitle "CBM 137 Extra"]
[Source "ChessBase"]
[SourceDate "2010.09.01"]
[SourceVersion "1"]
[SourceVersionDate "2010.09.01"]
[SourceQuality "1"]

1. e4 c5 2. Nf3 d6 3. d4 cxd4 4. Nxd4 Nf6 5. Nc3 Nc6 6. Be2 e6 7. 0-0 Be7 8. Be3 0-0 9. f4 e5 10. fxe5 dxe5 11. Nf5 Bxf5 12. Rxf5 Qxd1+ 13. Rxd1 Rfd8 14. Nd5 Nxd5 15. exd5 Nd4 16. Bxd4 exd4 17. Bc4 Rac8 18. Bb3 g6 19. Rf3 Kg7 20. Rdf1 f6 21. g3 h5 22. Kg2 f5 23. Re1 Bf6 24. Re6 Re8 25. Rxe8 Rxe8 26. Bc4 Rc8 27. Bb3 Re8 28. Bc4 Rc8 29. Bb3 Re8 1/2-1/2

[Event "Kostroma Volga Cup"]
[Site "Kostroma"]
[Date "2010.07.07"]
[Round "8.3"]
[White "Vakhlamov, Igor L"]
[Black "Rysbayeva, Aigerim"]
[Result "1-0"]
[WhiteElo "2281"]
[BlackElo "2209"]
[PlyCount "75"]
[EventDate "2010.07.03"]
[EventType "tourn"]
[EventRounds "13"]
[EventCountry "RUS"]
[EventCategory "2"]
[SourceTitle "EXT 2011"]
[Source "ChessBase"]
[SourceDate "2010.11.26"]
[SourceVersion "1"]
[SourceVersionDate "2010.11.26"]
[SourceQuality "1"]

1. c4 e5 2. Nc3 Nc6 3. Nf3 f5 4. d4 e4 5. Ng5 Nf6 6. g3 Be7 7. h4 d5 8. e3 h6 9. Nh3 dxc4 10. Nf4 Na5 11. Ng6 Rg8 12. Nxe7 Kxe7 13. b4 cxb3 14. axb3 Nc6 15. Bc4 Kf8 16. Ba3+ Ne7 17. Ne2 g6 18. Nf4 Kg7 19. Bxg8 Nexg8 20. d5 Qe8 21. Rc1 c6 22. Qd4 Bd7 23. Bb2 Kh7 24. Kf1 Qf7 25. Kg2 a6 26. b4 Rf8 27. h5 gxh5 28. dxc6 Bxc6 29. Rxh5 Ne7 30. Rh4 Ng6 31. Nxg6 Qxg6 32. Qd6 Rf7 33. Rch1 Ng8 34. Qd4 Nf6 35. Qd8 Ng8 36. Qb8 f4 37. Rxf4 Rxf4 38. Qxf4 1-0

[Event "Kostroma Volga Cup"]
[Site "Kostroma"]
[Date "2010.07.06"]
[Round "6.2"]
[White "Lavretzkij, Roman"]
[Black "Rysbayeva, Aigerim"]
[Result "1-0"]
[WhiteElo "2303"]
[BlackElo "2209"]
[PlyCount "131"]
[EventDate "2010.07.03"]
[EventType "tourn"]
[EventRounds "13"]
[EventCountry "RUS"]
[EventCategory "2"]
[SourceTitle "EXT 2011"]
[Source "ChessBase"]
[SourceDate "2010.11.26"]
[SourceVersion "1"]
[SourceVersionDate "2010.11.26"]
[SourceQuality "1"]

1. d4 d5 2. c4 c6 3. Nf3 Nf6 4. Qc2 dxc4 5. Qxc4 Bf5 6. g3 e6 7. Bg2 Nbd7 8. 0-0 Be7 9. Nc3 0-0 10. e3 b5 11. Qxc6 b4 12. Nd1 Bd3 13. Re1 Rc8 14. Qa4 Qb6 15. Bf1 Be4 16. Nd2 Bc6 17. Qa6 Qc7 18. e4 Bb7 19. Qb5 Nb8 20. Bg2 Ba6 21. Qa4 Qb6 22. e5 Nd5 23. Ne3 Nc7 24. Nb3 Rfd8 25. Rd1 Be2 26. Rd2 Bb5 27. Qa5 Bc6 28. Qxb6 axb6 29. Rc2 Bxg2 30. Nxg2 Nb5 31. Rxc8 Rxc8 32. Be3 Kf8 33. Rc1 Rxc1+ 34. Bxc1 Ke8 35. Kf1 Kd7 36. Ke2 Kc6 37. Kd3 Na6 38. Ne3 Nac7 39. Ke4 Na7 40. Bd2 Nab5 41. f4 g6 42. g4 Nd5 43. Nxd5 exd5+ 44. Kd3 Nc7 45. f5 Kb5 46. Nc1 Ka4 47. Kc2 Bh4 48. b3+ Kb5 49. Ne2 Be7 50. Kd3 Kc6 51. Bh6 Nb5 52. f6 Bd8 53. Bf8 Nc7 54. Bxb4 Ne6 55. a4 Kd7 56. Bd2 Kc6 57. b4 Kd7 58. b5 Bc7 59. Nc3 Bd8 60. Nxd5 g5 61. Ke4 h6 62. Be3 Nf8 63. Nb4 Bc7 64. d5 Ng6 65. d6 Bd8 66. Nc6 1-0

[Event "Kostroma Volga Cup"]
[Site "Kostroma"]
[Date "2010.07.03"]
[Round "2.6"]
[White "Tarlev, Konstantin"]
[Black "Rysbayeva, Aigerim"]
[Result "1-0"]
[WhiteElo "2484"]
[BlackElo "2209"]
[PlyCount "60"]
[EventDate "2010.07.03"]
[EventType "tourn"]
[EventRounds "13"]
[EventCountry "RUS"]
[EventCategory "2"]
[SourceTitle "EXT 2011"]
[Source "ChessBase"]
[SourceDate "2010.11.26"]
[SourceVersion "1"]
[SourceVersionDate "2010.11.26"]
[SourceQuality "1"]

1. d4 d5 2. Nf3 Nf6 3. Bf4 Bf5 4. e3 e6 5. c4 c6 6. Nc3 Nbd7 7. Qb3 Qb6 8. c5 Qxb3 9. axb3 Nh5 10. b4 Nxf4 11. exf4 Be7 12. b5 0-0 13. b4 Bf6 14. Be2 a6 15. bxc6 bxc6 16. Kd2 Rab8 17. Ra4 a5 18. b5 cxb5 19. Nxb5 Rfc8 20. Rxa5 g6 21. Rc1 Ra8 22. Rxa8 Rxa8 23. Ne5 Nxe5 24. dxe5 Bd8 25. c6 Ba5+ 26. Kd1 Kf8 27. g4 Be4 28. f3 Ke7 29. fxe4 dxe4 30. c7 Rc8 1-0

[Event "Lipetsk King's Gambit-B"]
[Site "Lipetsk"]
[Date "2010.06.29"]
[Round "7"]
[White "Vakhlamov, Igor L"]
[Black "Rysbayeva, Aigerim"]
[Result "1/2-1/2"]
[WhiteElo "2280"]
[BlackElo "2219"]
[PlyCount "116"]
[EventDate "2010.06.23"]
[EventType "tourn"]
[EventRounds "9"]
[EventCountry "RUS"]
[EventCategory "3"]
[SourceTitle "CBM 137 Extra"]
[Source "ChessBase"]
[SourceDate "2010.09.01"]
[SourceVersion "1"]
[SourceVersionDate "2010.09.01"]
[SourceQuality "1"]

1. e4 c5 2. Nf3 d6 3. d4 cxd4 4. Qxd4 Nc6 5. Bb5 Bd7 6. Bxc6 Bxc6 7. Nc3 Nf6 8. Bg5 e5 9. Qd3 Be7 10. 0-0-0 Qa5 11. Bxf6 Bxf6 12. Qxd6 Rd8 13. Qa3 Qxa3 14. bxa3 Ke7 15. Kb2 Ke6 16. Nd2 Be7 17. f3 b6 18. Nb3 Rc8 19. Nd5 Bxd5 20. Rxd5 Rc4 21. Nd2 Ra4 22. Nb1 Rc8 23. Rhd1 Rac4 24. c3 R8c7 25. Kb3 a6 26. a4 g6 27. R1d3 R4c6 28. Nd2 Bg5 29. Nb1 Be7 30. Rd2 Bg5 31. Rc2 f5 32. c4 fxe4 33. fxe4 Be3 34. h3 Rf7 35. Re2 Rf1 36. Nd2 Bxd2 37. Rdxd2 Rb1+ 38. Rb2 Rd1 39. a5 bxa5 40. Ka4 Rd4 41. Kxa5 Rdxc4 42. Rb7 R4c5+ 43. Kb4 Rc4+ 44. Kb3 h5 45. Rg7 Kf6 46. Ra7 Rc3+ 47. Kb2 Rg3 48. Rb7 Kg5 49. Re7 Rc5 50. Re6 Ra5 51. Kb1 Rb5+ 52. Kc1 a5 53. a4 Rc5+ 54. Kb2 Kf4 55. Rf6+ Kg5 56. Re6 Kf4 57. Rf6+ Kg5 58. Re6 Kf4 1/2-1/2

[Event "Lipetsk King's Gambit-B"]
[Site "Lipetsk"]
[Date "2010.06.28"]
[Round "6"]
[White "Rysbayeva, Aigerim"]
[Black "Pogosian, Manvel"]
[Result "0-1"]
[WhiteElo "2219"]
[BlackElo "2373"]
[PlyCount "144"]
[EventDate "2010.06.23"]
[EventType "tourn"]
[EventRounds "9"]
[EventCountry "RUS"]
[EventCategory "3"]
[SourceTitle "CBM 137 Extra"]
[Source "ChessBase"]
[SourceDate "2010.09.01"]
[SourceVersion "1"]
[SourceVersionDate "2010.09.01"]
[SourceQuality "1"]

1. e4 c6 2. d4 d5 3. Nc3 b5 4. a3 dxe4 5. Nxe4 Nf6 6. Nxf6+ exf6 7. Bf4 Bd6 8. Bxd6 Qxd6 9. Nf3 0-0 10. Be2 Be6 11. 0-0 Nd7 12. c3 Nb6 13. Nd2 f5 14. Qc2 Rfe8 15. Bf3 Re7 16. Rfd1 Rae8 17. b3 g6 18. h3 c5 19. dxc5 Qxc5 20. b4 Qc7 21. Nb3 Bxb3 22. Qxb3 Nc4 23. Bd5 Nb6 24. Bf3 Kg7 25. Qc2 Nc4 26. g3 h5 27. Qc1 Ne5 28. Bg2 Qb6 29. Qf4 Qf6 30. Qd4 Rc8 31. f4 Nc4 32. a4 Qxd4+ 33. Rxd4 Ne3 34. Rd3 Nc2 35. Ra2 Ne1 36. Rd1 Rxc3 37. Kf2 Nd3+ 38. Kg1 Nc1 39. Ra1 Ne2+ 40. Kh2 bxa4 41. Rxa4 Nxg3 42. b5 h4 43. Rda1 Rb3 44. Bc6 Rb2+ 45. Kg1 Ne2+ 46. Kf1 Nc3 47. Rxa7 Rxa7 48. Rxa7 Nxb5 49. Rb7 Rb1+ 50. Kg2 Nc3 51. Rd7 Rb6 52. Rc7 Ne2 53. Be8 Nxf4+ 54. Kf3 Nxh3 55. Rxf7+ Kh6 56. Rc7 Rb3+ 57. Kg2 Nf4+ 58. Kh2 Rb2+ 59. Kh1 Kg5 60. Rc3 Ne2 61. Rc6 Nf4 62. Rc3 Re2 63. Bc6 Kf6 64. Bf3 Re1+ 65. Kh2 g5 66. Rc6+ Re6 67. Rc4 Ng6 68. Bd1 Rd6 69. Bc2 g4 70. Rc5 Ne5 71. Rc8 Nf3+ 72. Kh1 Rd2 0-1

[Event "Lipetsk King's Gambit-B"]
[Site "Lipetsk"]
[Date "2010.06.24"]
[Round "2"]
[White "Tarlev, Konstantin"]
[Black "Rysbayeva, Aigerim"]
[Result "1-0"]
[WhiteElo "2484"]
[BlackElo "2219"]
[PlyCount "119"]
[EventDate "2010.06.23"]
[EventType "tourn"]
[EventRounds "9"]
[EventCountry "RUS"]
[EventCategory "3"]
[SourceTitle "CBM 137 Extra"]
[Source "ChessBase"]
[SourceDate "2010.09.01"]
[SourceVersion "1"]
[SourceVersionDate "2010.09.01"]
[SourceQuality "1"]

1. c4 e5 2. Nc3 Nc6 3. g3 g6 4. Bg2 Bg7 5. e3 d6 6. Rb1 a5 7. a3 Bf5 8. d3 Nf6 9. Nge2 0-0 10. e4 Bg4 11. h3 Be6 12. 0-0 Qc8 13. Kh2 Nd7 14. b4 axb4 15. axb4 Nd4 16. Nxd4 exd4 17. Nb5 Nb6 18. Qc2 Bd7 19. f4 Bxb5 20. cxb5 Na4 21. f5 Be5 22. Bh6 Nc3 23. Rb2 Re8 24. Qb3 Qd7 25. Rbf2 d5 26. fxg6 fxg6 27. exd5 Qd6 28. Kh1 Kh8 29. Qc4 Kg8 30. h4 Red8 31. Bh3 Nxd5 32. Bg2 c6 33. bxc6 bxc6 34. b5 Kh8 35. Qxc6 Qxc6 36. bxc6 Nc7 37. Kh2 Kg8 38. Kh3 Rac8 39. Bf3 Rb8 40. Bg4 Kh8 41. Rf7 Nd5 42. Ra7 Ra8 43. Rxa8 Rxa8 44. Rf7 Re8 45. Bd7 Rd8 46. Be6 Nc7 47. Bc4 Rc8 48. Kg4 Na8 49. Kf3 Nb6 50. Bb3 Re8 51. g4 Nc8 52. Rf8+ Rxf8+ 53. Bxf8 Na7 54. Ke4 Bc7 55. Bc5 Nb5 56. Bc4 Nd6+ 57. Kxd4 Kg7 58. Kd5 Ne8 59. Ke6 Bg3 60. g5 1-0

[Event "Voronezh op-A 14th"]
[Site "Voronezh"]
[Date "2010.06.15"]
[Round "4"]
[White "Sukhareva, Evgenia"]
[Black "Rysbayeva, Aigerim"]
[Result "1-0"]
[WhiteElo "2152"]
[BlackElo "2219"]
[PlyCount "75"]
[EventDate "2010.06.12"]
[EventType "swiss"]
[EventRounds "9"]
[EventCountry "RUS"]
[SourceTitle "CBM 137 Extra"]
[Source "ChessBase"]
[SourceDate "2010.09.01"]
[SourceVersion "1"]
[SourceVersionDate "2010.09.01"]
[SourceQuality "1"]

1. d4 d5 2. Nf3 Nf6 3. c4 c6 4. e3 Bf5 5. Nc3 e6 6. Nh4 Bg4 7. Qb3 Qb6 8. h3 Bh5 9. Bd2 Be7 10. g4 Bg6 11. Nxg6 hxg6 12. Bg2 Nbd7 13. f4 dxc4 14. Qxc4 Nd5 15. 0-0-0 a5 16. e4 Nxc3 17. Bxc3 Qc7 18. Bd2 0-0 19. h4 b5 20. Qc2 Qb6 21. Be3 a4 22. Rh3 b4 23. Qc4 Qa5 24. Kb1 Nb6 25. Qe2 Rac8 26. h5 g5 27. f5 b3 28. a3 c5 29. Bd2 Qa7 30. d5 exd5 31. e5 Nc4 32. Bxd5 Nxd2+ 33. Rxd2 c4 34. h6 c3 35. bxc3 gxh6 36. Rxh6 Qg1+ 37. Rd1 Qc5 38. Rg6+ 1-0

[Event "Voronezh op-A 14th"]
[Site "Voronezh"]
[Date "2010.06.12"]
[Round "1"]
[White "Rysbayeva, Aigerim"]
[Black "Goganov, Aleksey"]
[Result "0-1"]
[WhiteElo "2219"]
[BlackElo "2485"]
[PlyCount "56"]
[EventDate "2010.06.12"]
[EventType "swiss"]
[EventRounds "9"]
[EventCountry "RUS"]
[SourceTitle "CBM 137 Extra"]
[Source "ChessBase"]
[SourceDate "2010.09.01"]
[SourceVersion "1"]
[SourceVersionDate "2010.09.01"]
[SourceQuality "1"]

1. e4 e6 2. d4 d5 3. Nd2 c5 4. exd5 Qxd5 5. Ngf3 cxd4 6. Bc4 Qd6 7. 0-0 Nf6 8. Nb3 Nc6 9. Nbxd4 Nxd4 10. Nxd4 a6 11. Bb3 Qc7 12. Re1 Bd6 13. Nf5 Bxh2+ 14. Kh1 0-0 15. Nxg7 Rd8 16. Qf3 Kxg7 17. Bh6+ Kg6 18. c4 Nh5 19. Bd1 Nf4 20. Bxf4 Bxf4 21. Qh5+ Kg7 22. g3 Bd2 23. Re4 b6 24. Rg4+ Kh8 25. Bf3 Bb7 26. Bxb7 Qxb7+ 27. Kh2 f5 28. Rh4 Qg7 0-1

[Event "Asian Indoor Games 3rd Prelim"]
[Site "Ha Long City"]
[Date "2009.11.05"]
[Round "4"]
[White "Nadirjanova, Nodira"]
[Black "Rysbayeva, Aigerim"]
[Result "1-0"]
[WhiteElo "2159"]
[BlackElo "2199"]
[PlyCount "103"]
[EventDate "2009.11.05"]
[EventType "team (rapid)"]
[EventRounds "9"]
[EventCountry "VIE"]
[SourceTitle "CBM 133 Extra"]
[Source "ChessBase"]
[SourceDate "2010.01.05"]
[SourceVersion "1"]
[SourceVersionDate "2010.01.05"]
[SourceQuality "1"]

1. d4 d5 2. Nf3 Nf6 3. e3 Bf5 4. c4 c6 5. Nc3 e6 6. Nh4 Bg4 7. Qb3 Qb6 8. h3 Bh5 9. g4 Bg6 10. Nxg6 hxg6 11. Bg2 Nbd7 12. g5 Ng8 13. cxd5 cxd5 14. Qxb6 Nxb6 15. e4 dxe4 16. Bxe4 0-0-0 17. Be3 Bb4 18. Rc1 Ne7 19. Ke2 Kb8 20. a3 Bd6 21. Nb5 Nbd5 22. Nxd6 Rxd6 23. h4 Nf5 24. Rh3 Rd7 25. Rch1 Rhd8 26. Kf1 Ndxe3+ 27. fxe3 e5 28. dxe5 Rd1+ 29. Ke2 R1d2+ 30. Kf3 Ne7 31. R3h2 Kc7 32. Rc1+ Kb6 33. Rxd2 Rxd2 34. Rc2 Rxc2 35. Bxc2 Kc5 36. Bb3 Nc6 37. Ke4 Nd8 38. Bd5 b6 39. Bb3 a6 40. Kf4 b5 41. e6 fxe6 42. Ke5 Nc6+ 43. Kxe6 b4 44. Kf7 Na5 45. Be6 Nc4 46. Bxc4 Kxc4 47. Kxg6 a5 48. h5 Kb3 49. h6 gxh6 50. gxh6 a4 51. h7 Kxb2 52. h8Q+ 1-0

[Event "Asian Indoor Games 3rd Prelim"]
[Site "Ha Long City"]
[Date "2009.11.05"]
[Round "5"]
[White "Rysbayeva, Aigerim"]
[Black "Pham, Le Thao Nguyen"]
[Result "0-1"]
[WhiteElo "2199"]
[BlackElo "2295"]
[PlyCount "79"]
[EventDate "2009.11.05"]
[EventType "team (rapid)"]
[EventRounds "9"]
[EventCountry "VIE"]
[SourceTitle "CBM 133 Extra"]
[Source "ChessBase"]
[SourceDate "2010.01.05"]
[SourceVersion "1"]
[SourceVersionDate "2010.01.05"]
[SourceQuality "1"]

1. e4 c5 2. Nf3 e6 3. d4 cxd4 4. Nxd4 a6 5. Bd3 Bc5 6. Nb3 Ba7 7. 0-0 Ne7 8. Nc3 Nbc6 9. Kh1 d6 10. f4 Qc7 11. a3 Bd7 12. Qe2 Nd4 13. Nxd4 Bxd4 14. Bd2 0-0 15. Rae1 f5 16. Nd1 Rae8 17. Bc3 Bxc3 18. Nxc3 Kh8 19. Qd2 Bc6 20. exf5 Nxf5 21. Be4 h6 22. Rd1 Bxe4 23. Nxe4 d5 24. Ng3 Nd6 25. Rde1 Nc4 26. Qd4 Qc6 27. h3 Rf7 28. a4 Ref8 29. b3 Nb6 30. Nh5 Nd7 31. c3 e5 32. Qe3 Qg6 33. g4 exf4 34. Rxf4 Rxf4 35. Nxf4 Qc2 36. b4 Nf6 37. Ne6 Re8 38. Re2 Qe4+ 39. Qxe4 Nxe4 40. Nc7 0-1